| 000 | 00414nam a2200145 a 4500 | ||
|---|---|---|---|
| 001 | 000044933 | ||
| 005 | 20201002045737.0 | ||
| 008 | 150120s1982 dr 000 spa d | ||
| 040 |
_aDO-SdBNP _bspa _cBNPHU |
||
| 082 | _axxx | ||
| 245 | 0 |
_aGuía del Estudiante :. : _blo que todo universitario debe saber. |
|
| 260 |
_aSanto Domingo : _bTaller, _c1982. |
||
| 300 |
_a47 p. ; _c21 cm. |
||
| 590 | _aInventariado,2018/DG | ||
| 999 |
_c44422 _d44422 |
||